000 00682nam a2200205 a 4500
001 000031602
005 20200930063039.0
008 110628q1981 dr ad 000 | spa d
040 _aDO-SdBNP
_bspa
_cBNPHU
082 _axxx
_bG633a
100 1 _aGómez de Peña, Josefina
_938544
245 1 0 _aApuntes sobre el cultivo de tilapia /
_cJosefina Gómez de Peña.
260 _aSanto Domingo :
_bINDOTEC-CENICIT,
_c1981.
300 _a35 p. :
_bil., graf. ;
_c21 cm.
490 1 _aMonografías
_v2
504 _aIncluye referencias bibliográficas.
710 2 _aInstituto Dominicano de Tecnología Industrial (INDOTEC)
_953382
830 0 _aMonografías;
_n3
_957928
049 _aBNPD
999 _c31094
_d31094